000 00471nam a2200157 a 4500
001 000036309
003 DO-SdBNP
005 20250409124906.0
008 120113s1970 sp a 000 0 spa d
040 _aDO-SdBNP
_bspa
_cBNPHU
100 1 _aLandete Aguiar, Amparo
_962456
245 1 0 _aDidáctica de las ciencias de la naturaleza /
_cAmparo Landete Aguiar.
260 _aMadrid :
_bEdiciones Anaya,
_c1970.
300 _a624 p. :
_bil., col. ;
_c23 cm.
942 _2ddc
_cLBS1
999 _c35800
_d35800